[Event "ICS rated blitz match"]
[Site "204.178.125.65"]
[Date "2000.11.25"]
[Round "?"]
[White "Hossa"]
[Black "Tinker"]
[Result "1/2-1/2"]
[WhiteElo "2565"]
[BlackElo "2579"]
[PlyCount "58"]
[EventDate "2000.??.??"]

1. e4 c5 2. c3 d5 3. exd5 Qxd5 4. d4 Nf6 5. Nf3 e6 6. Bd3 Be7 7. O-O O-O 8. c4
Qd7 9. dxc5 Rd8 10. Bc2 Qc7 11. Qe2 Qxc5 12. Be3 Qh5 13. Nc3 Nc6 14. Rfd1 e5
15. Nd5 Nxd5 16. cxd5 Nb4 17. Bb3 Bg4 18. h3 Bxf3 19. Qxf3 Qxf3 20. gxf3 Rd7
21. f4 exf4 22. Bxf4 Rad8 23. a3 Nxd5 24. Ba4 Bf6 25. Bg3 Re7 26. Bb3 Red7 27.
Ba4 Re7 28. Bb3 Red7 29. Ba4 Re7 {Game drawn by repetition} 1/2-1/2

[Event "ICS rated blitz match"]
[Site "204.178.125.65"]
[Date "2000.11.25"]
[Round "?"]
[White "Hossa"]
[Black "ZChess"]
[Result "0-1"]
[WhiteElo "2566"]
[BlackElo "2622"]
[PlyCount "86"]
[EventDate "2000.??.??"]

1. d4 Nf6 2. Nf3 g6 3. g3 Bg7 4. Bg2 O-O 5. Nc3 d5 6. Bf4 Bf5 7. Nh4 Bg4 8. h3
Be6 9. Qd2 c5 10. dxc5 Nbd7 11. Bh6 Bxh6 12. Qxh6 d4 13. Nb1 Qa5+ 14. c3 dxc3
15. Nxc3 Qb4 16. O-O Qxb2 17. Rfc1 Nxc5 18. Nf3 Rac8 19. Ng5 Qd2 20. Nb5 a6 21.
Nc3 Rfd8 22. Bf1 Bf5 23. e4 Bxe4 24. Bc4 e6 25. Be2 Bc2 26. Bf3 Qxc3 27. g4 Rd2
28. Rf1 Nce4 29. Bxe4 Bxe4 30. Rae1 Rxf2 31. Kxf2 Qd2+ 32. Kg3 Rc3+ 33. Kh4 Bg2
34. Qh5 h6 35. Qxh6 Rxh3+ 36. Nxh3 Qxh6+ 37. Kg3 Qxh3+ 38. Kf4 Nd5+ 39. Kg5
Bxf1 40. Rxf1 Qxf1 41. Kh4 Qf2+ 42. Kg5 Qf6+ 43. Kh6 Qh4# {Hossa checkmated}
0-1

[Event "ICS rated blitz match"]
[Site "204.178.125.65"]
[Date "2000.11.25"]
[Round "?"]
[White "cfd"]
[Black "Hossa"]
[Result "0-1"]
[WhiteElo "2117"]
[BlackElo "2553"]
[PlyCount "25"]
[EventDate "2000.??.??"]

1. d4 Nf6 2. e3 g6 3. Nf3 Bg7 4. c4 d5 5. b3 c5 6. Bb2 cxd4 7. exd4 O-O 8. Bd3
Nc6 9. a3 Bg4 10. Nbd2 Nh5 11. h3 Nf4 12. Be2 Bxf3 13. Bxf3 {cfd resigns} 0-1

[Event "ICS rated blitz match"]
[Site "204.178.125.65"]
[Date "2000.11.25"]
[Round "?"]
[White "cfd"]
[Black "Hossa"]
[Result "0-1"]
[WhiteElo "2113"]
[BlackElo "2557"]
[PlyCount "96"]
[EventDate "2000.??.??"]

1. d4 e6 2. e3 d5 3. Bd3 Nf6 4. Nd2 c5 5. c3 Nc6 6. f4 Bd7 7. Ngf3 Ng4 8. Qe2
c4 9. Bc2 Be7 10. O-O f5 11. h3 Nh6 12. Ne5 Nxe5 13. dxe5 g5 14. Nf3 g4 15. Nd4
Qc7 16. Kh2 O-O-O 17. Bd2 gxh3 18. gxh3 Rdg8 19. Rg1 Kb8 20. Raf1 Qb6 21. Bc1
Qa5 22. a3 Bc5 23. Qh5 Bf8 24. Rxg8 Rxg8 25. Rg1 Rxg1 26. Kxg1 Qc5 27. Kf2 Qe7
28. Bd1 Qg7 29. Bf3 Be7 30. Bd1 Qf8 31. Qf3 Bc5 32. Ke1 Nf7 33. Bd2 Qg7 34. Kf2
Nh8 35. Qg3 Ng6 36. Bf3 Qg8 37. Ke2 Be7 38. Kd1 Ba4+ 39. Kc1 Bc5 40. Be1 Bd7
41. Qg5 Be7 42. Qh6 Nf8 43. Bh4 Qg1+ 44. Kd2 Qh2+ 45. Be2 Qxh3 46. Bxe7 Qxh6
47. Bd6+ Ka8 48. b3 cxb3 {cfd resigns} 0-1

[Event "ICS rated bullet match"]
[Site "204.178.125.65"]
[Date "2000.11.25"]
[Round "?"]
[White "Gosi"]
[Black "Hossa"]
[Result "0-1"]
[WhiteElo "2161"]
[BlackElo "2603"]
[PlyCount "52"]
[EventDate "2000.??.??"]

1. e4 e5 2. d4 exd4 3. c3 d5 4. exd5 Qxd5 5. cxd4 Nc6 6. Nf3 Bg4 7. Be2 O-O-O
8. Nc3 Qa5 9. O-O Bxf3 10. Bxf3 Nxd4 11. Be3 Nxf3+ 12. Qxf3 Nf6 13. Rad1 Ba3
14. Ne4 Nxe4 15. Qxe4 Rxd1 16. Rxd1 Bxb2 17. Rb1 Qxa2 18. Qc2 Rd8 19. h4 h6 20.
Rxb2 Qa5 21. Qb3 b6 22. g3 Qe1+ 23. Kh2 Rd1 24. Kh3 Qh1+ 25. Kg4 Qe4+ 26. Kh3
Rh1# {Gosi checkmated} 0-1

[Event "ICS rated bullet match"]
[Site "204.178.125.65"]
[Date "2000.11.25"]
[Round "?"]
[White "Hossa"]
[Black "Gosi"]
[Result "1-0"]
[WhiteElo "2605"]
[BlackElo "2159"]
[PlyCount "65"]
[EventDate "2000.??.??"]

1. e4 e5 2. Nf3 Nc6 3. d4 exd4 4. Nxd4 Nf6 5. Nxc6 bxc6 6. e5 Qe7 7. Qe2 Nd5 8.
c4 Nb6 9. Nd2 Qe6 10. b3 Bb4 11. Bb2 a5 12. a3 Bxd2+ 13. Qxd2 a4 14. c5 Nd5 15.
bxa4 O-O 16. Be2 Rxa4 17. Qc2 Rh4 18. g3 Rh6 19. Bd4 f6 20. exf6 Nxf6 21. Be3
Rg6 22. Bd3 Rg4 23. O-O Nd5 24. Rfe1 Nxe3 25. Bxh7+ Kh8 26. Rxe3 Qh6 27. Be4 d5
28. cxd6 cxd6 29. Qxc6 Rxe4 30. Qxe4 Bf5 31. Qd4 Qh3 32. Qxd6 Rf6 33. Qd8+ {
Gosi resigns} 1-0

[Event "ICS rated blitz match"]
[Site "204.178.125.65"]
[Date "2000.11.25"]
[Round "?"]
[White "Tinker"]
[Black "Hossa"]
[Result "1/2-1/2"]
[WhiteElo "2578"]
[BlackElo "2559"]
[PlyCount "344"]
[EventDate "2000.??.??"]

1. e4 e5 2. Nf3 Nf6 3. Nxe5 d6 4. Nf3 Nxe4 5. d4 d5 6. Bd3 Be7 7. O-O Nc6 8.
Re1 Nd6 9. Bf4 Nb4 10. Bf1 Bf5 11. Na3 O-O 12. c3 Na6 13. Bxa6 bxa6 14. Qe2 Re8
15. Qxa6 h6 16. Qc6 Be6 17. b3 Rb8 18. c4 dxc4 19. bxc4 Rb6 20. Qa4 Qc8 21. d5
Bd7 22. Qa5 Nb7 23. Qxa7 Bc5 24. Rxe8+ Bxe8 25. Be3 Rb1+ 26. Nxb1 Bxa7 27. Bxa7
Qf5 28. Nbd2 Qc2 29. Bb8 c6 30. Re1 Kf8 31. Rb1 cxd5 32. Rxb7 Qd1+ 33. Nf1 dxc4
34. Be5 f6 35. Bc3 Kg8 36. Rb8 Kf7 37. Rb7+ Kg8 38. Rc7 Qa4 39. Rc8 Kf7 40. Ne3
Qxa2 41. Nxc4 Qb1+ 42. Ne1 Bd7 43. Rd8 Ke7 44. Rh8 Qb3 45. Ne3 Be6 46. Bd2 Bg8
47. f4 Qa2 48. Bb4+ Kd7 49. Kh1 Qb3 50. Ba5 Qb8 51. f5 Qb3 52. Nf3 Ke7 53. Bd2
Qb1+ 54. Ne1 Qa2 55. Bb4+ Kf7 56. Kg1 Qb1 57. Bd2 Qa1 58. Bb4 Qb1 59. N3c2 Qc1
60. Bc5 Qf4 61. Ne3 Qe5 62. Bb6 Qb2 63. Ba5 Qa3 64. Bd2 Qa1 65. Kf2 Qe5 66. Nf3
Qa1 67. Nc2 Qa2 68. Nfd4 Ke7 69. Ke3 Kd7 70. Nb4 Qa3+ 71. Ke2 Qa8 72. Kf2 Qe4
73. Nbc6 Qd5 74. Ke3 Qa2 75. Bb4 Qc4 76. Nb8+ Kc7 77. Nbc6 Kd7 78. g3 Qc1+ 79.
Kf2 Qb2+ 80. Ke1 Qa2 81. h3 Kc7 82. Ba5+ Kd6 83. Bc3 Kd7 84. Kd1 Kd6 85. Kc1
Kc5 86. Nb4 Qa8 87. Ndc6 Kd6 88. Bd4 Qe8 89. Kd2 Qf7 90. g4 Qe8 91. h4 Qa8 92.
Ke3 Qe8+ 93. Kf4 Qa8 94. g5 fxg5+ 95. hxg5 Qf8 96. gxh6 gxh6 97. f6 Ke6 98. Be5
Qe8 99. Rxh6 Bf7 100. Nd4+ Kd7 101. Nbc6 Qg8 102. Rh4 Qg2 103. Rh8 Qf1+ 104.
Kg3 Qe1+ 105. Kg4 Qd1+ 106. Kg3 Qe1+ 107. Kf4 Qf1+ 108. Ke3 Qg1+ 109. Kd3 Bc4+
110. Kxc4 Qc1+ 111. Nc2 Qxc2+ 112. Kb4 Qd2+ 113. Bc3 Qd6+ 114. Kb3 Qd5+ 115.
Ka4 Qc4+ 116. Nb4 Qxc3 117. Rh7+ Ke8 118. f7+ Kf8 119. Ka5 Qa1+ 120. Kb5 Qe5+
121. Kb6 Qe4 122. Rh8+ Kxf7 123. Nc6 Qe3+ 124. Kc7 Qg3+ 125. Kd7 Kg7 126. Ra8
Qh3+ 127. Kd6 Qh6+ 128. Kd5 Qg5+ 129. Ke6 Qf6+ 130. Kd7 Qf2 131. Rb8 Qf5+ 132.
Kd6 Qd3+ 133. Ke6 Qh3+ 134. Kd5 Qf3+ 135. Kd6 Qa3+ 136. Ke6 Qa6 137. Kd5 Qa2+
138. Ke5 Qe2+ 139. Kd6 Qh2+ 140. Ne5 Qd2+ 141. Ke6 Qa2+ 142. Kf5 Qf2+ 143. Ke4
Qc2+ 144. Kd5 Qa2+ 145. Kd6 Qa3+ 146. Ke6 Qh3+ 147. Kd5 Qh1+ 148. Kd6 Qh6+ 149.
Kd5 Qc1 150. Rb7+ Kh6 151. Nf7+ Kh5 152. Rb5 Qf1 153. Nd6 Qa1 154. Kc4+ Kh4
155. Nf5+ Kg5 156. Rd5 Qa2+ 157. Kd4 Kf4 158. Nd6 Qd2+ 159. Kc4 Qc2+ 160. Kd4
Qb2+ 161. Kd3 Qb3+ 162. Kd4 Qb4+ 163. Kd3 Qb1+ 164. Kc4 Qf1+ 165. Kc5 Qg1+ 166.
Kc6 Qg2 167. Nf5 Qc2+ 168. Kd7 Qa4+ 169. Kd6 Qa6+ 170. Kc5 Qa2 171. Nd6 Qf2+
172. Rd4+ Ke5 {Game drawn by the 50 move rule} 1/2-1/2

[Event "ICS rated blitz match"]
[Site "204.178.125.65"]
[Date "2000.11.26"]
[Round "?"]
[White "Hossa"]
[Black "Tinker"]
[Result "0-1"]
[WhiteElo "2560"]
[BlackElo "2577"]
[PlyCount "116"]
[EventDate "2000.??.??"]

1. e4 c5 2. c3 d5 3. exd5 Qxd5 4. d4 Nf6 5. Nf3 e6 6. Bd3 Be7 7. O-O O-O 8. c4
Qd7 9. dxc5 Rd8 10. Bc2 Qc7 11. Qe2 Qxc5 12. Be3 Qh5 13. Nc3 Nc6 14. Rfd1 e5
15. Nd5 Nxd5 16. cxd5 Nb4 17. Bb3 e4 18. Bf4 Bf5 19. Qe3 exf3 20. Qxe7 Nd3 21.
Be3 fxg2 22. Rd2 Rd7 23. Qg5 Qxg5 24. Bxg5 Ne5 25. Bd1 Be4 26. Bf4 Re8 27. d6
Nf3+ 28. Bxf3 Bxf3 29. Rd3 Bc6 30. Ra3 a6 31. h3 h5 32. Rd3 Re2 33. Bd2 Re6 34.
Bf4 g5 35. Bh2 Re2 36. b3 f5 37. Re3 Rxe3 38. fxe3 h4 39. Be5 Kf7 40. Bh2 Bf3
41. Rc1 g4 42. Rc7 Ke6 43. Rxd7 Kxd7 44. hxg4 fxg4 45. Bf4 g3 46. Be5 Ke6 47.
Bf4 Be4 48. a3 b6 49. b4 b5 50. d7 Kxd7 51. Bb8 Ke6 52. Bc7 Kf5 53. a4 bxa4 54.
b5 a3 55. bxa6 a2 56. Bxg3 a1=Q+ 57. Be1 Qxe1+ 58. Kh2 Qh1# {Hossa checkmated}
0-1

[Event "ICS rated blitz match"]
[Site "204.178.125.65"]
[Date "2000.11.26"]
[Round "?"]
[White "Tinker"]
[Black "Hossa"]
[Result "1-0"]
[WhiteElo "2592"]
[BlackElo "2545"]
[PlyCount "203"]
[EventDate "2000.??.??"]

1. e4 e5 2. Nf3 Nf6 3. Nxe5 d6 4. Nf3 Nxe4 5. d4 d5 6. Bd3 Be7 7. O-O Nc6 8.
Re1 Bg4 9. c4 Nf6 10. cxd5 Nxd5 11. Nc3 O-O 12. h3 Bxf3 13. Qxf3 Bb4 14. Be4
Nxd4 15. Qd3 Nb6 16. Bxh7+ Kh8 17. Be4 c6 18. Be3 Nb5 19. Qe2 Qh4 20. Bxb6 axb6
21. Qc2 Kg8 22. Bd3 Nxc3 23. bxc3 Bc5 24. Re4 Qh5 25. Rae1 Rfd8 26. Kf1 Bd6 27.
R1e3 Qa5 28. a4 Qg5 29. Bc4 Rf8 30. Rg4 Qh5 31. Qd2 Rad8 32. Qd4 Qh6 33. Qxb6
Rd7 34. Qb1 Bf4 35. Re4 Rfd8 36. Qb3 Bb8 37. Re1 Bf4 38. Qc2 Qf6 39. Rg6 Qh4
40. Qf5 Re7 41. Rxe7 Qxe7 42. Qg4 Qe4 43. Rxg7+ Kh8 44. Kg1 Qe1+ 45. Bf1 Rf8
46. Qxf4 Kxg7 47. Qg5+ Kh7 48. Qf6 Kg8 49. Qg5+ Kh7 50. Qh4+ Kg6 51. Qb4 Re8
52. Qxb7 Qxc3 53. Qb1+ Kf6 54. Qh7 Qc1 55. Qh4+ Kg7 56. Qd4+ Kf8 57. Qh8+ Ke7
58. Qg7 Ke6 59. Qd4 Rb8 60. Qe4+ Kd6 61. Qd4+ Ke6 62. a5 Rb1 63. Qd3 Qe1 64. a6
Ra1 65. h4 f5 66. Qc4+ Kd7 67. h5 Rc1 68. Qd3+ Ke6 69. a7 Ra1 70. h6 Rxa7 71.
Qc4+ Kf6 72. Qd4+ Kg6 73. Qxa7 Kxh6 74. Qc5 Qb1 75. Qxc6+ Kg5 76. g3 Qa1 77.
Qe6 f4 78. Qe7+ Kg6 79. Qe4+ Kg7 80. Qxf4 Qd1 81. g4 Kg8 82. Kg2 Qd5+ 83. Kg3
Qb3+ 84. Kh4 Kg7 85. Bc4 Qxc4 86. Qxc4 Kf6 87. g5+ Ke7 88. Qe6+ Kxe6 89. Kg4
Ke5 90. f4+ Ke6 91. f5+ Kf7 92. f6 Kg6 93. Kf4 Kf7 94. Kf5 Kf8 95. g6 Kg8 96.
g7 Kh7 97. Ke6 Kg8 98. Ke7 Kh7 99. Kf7 Kh6 100. g8=Q Kh5 101. Qg3 Kh6 102. Qh4#
{Hossa checkmated} 1-0

[Event "ICS rated blitz match"]
[Site "204.178.125.65"]
[Date "2000.11.26"]
[Round "?"]
[White "Hossa"]
[Black "Amateur"]
[Result "1/2-1/2"]
[WhiteElo "2531"]
[BlackElo "2514"]
[PlyCount "23"]
[EventDate "2000.??.??"]

1. e4 c5 2. c3 Nf6 3. e5 Nd5 4. d4 cxd4 5. Nf3 Nc6 6. Bc4 Nb6 7. Bb3 dxc3 8.
Nxc3 Na5 9. Bc2 Nc6 10. Bb3 Na5 11. Bc2 Nc6 12. Bb3 {Game drawn by repetition}
1/2-1/2

[Event "ICS rated blitz match"]
[Site "204.178.125.65"]
[Date "2000.11.26"]
[Round "?"]
[White "Hossa"]
[Black "AvernoX"]
[Result "1-0"]
[WhiteElo "2530"]
[BlackElo "2321"]
[PlyCount "147"]
[EventDate "2000.??.??"]

1. e4 g6 2. d4 Bg7 3. c4 e5 4. dxe5 Bxe5 5. Nf3 Qe7 6. Nxe5 Qxe5 7. Nc3 Na6 8.
Be3 Nb4 9. Qa4 a5 10. a3 Nc6 11. c5 Nf6 12. Be2 O-O 13. O-O Kh8 14. f3 d5 15.
cxd6 Qxd6 16. Rfd1 Qe7 17. Qb5 Rd8 18. Rxd8+ Nxd8 19. Rd1 Bd7 20. Qg5 Nc6 21.
Nb5 Rc8 22. Bf4 Be6 23. Nxc7 Rd8 24. Rxd8+ Qxd8 25. Be3 Qxc7 26. Qxf6+ Kg8 27.
f4 Qd7 28. h3 a4 29. g4 Qc7 30. Bd1 Qd6 31. Bc2 b5 32. Kg2 Qc7 33. Bd3 Qb8 34.
Bc5 h6 35. Kh1 Bd7 36. e5 Qa8 37. Kg1 Qc8 38. f5 gxf5 39. gxf5 Na5 40. Be3 Qc6
41. Qd8+ Be8 42. Qxa5 Qd5 43. Qd2 Bc6 44. Kh2 h5 45. Kg3 Qxe5+ 46. Bf4 Qg7+ 47.
Kh2 Qd4 48. Bc7 Qd5 49. Qg5+ Kf8 50. Qd8+ Qxd8 51. Bxd8 Kg8 52. Kg3 Kf8 53. Kh4
Bf3 54. Bxb5 Bd1 55. f6 Kg8 56. Kg5 Kh7 57. Be8 Kg8 58. Be7 Bb3 59. Kxh5 Kh7
60. Bc6 Bc2 61. Bd5 Kg8 62. Kg5 Bb1 63. b4 axb3 64. Bxb3 Be4 65. h4 Bg6 66. a4
Bd3 67. a5 Be4 68. a6 Bd3 69. a7 Be4 70. Kh6 Bb7 71. Bc2 Kh8 72. Bh7 Ba8 73.
Bf8 Bb7 74. Bg7# {AvernoX checkmated} 1-0

[Event "ICS rated blitz match"]
[Site "204.178.125.65"]
[Date "2000.11.26"]
[Round "?"]
[White "joejan"]
[Black "Hossa"]
[Result "0-1"]
[WhiteElo "2357"]
[BlackElo "2537"]
[PlyCount "64"]
[EventDate "2000.??.??"]

1. e4 e5 2. d4 exd4 3. Qxd4 Nc6 4. Qe3 Nf6 5. Nc3 Bb4 6. Bd2 O-O 7. O-O-O Re8
8. f3 d5 9. Qf2 dxe4 10. Bg5 e3 11. Qh4 Bd7 12. Bd3 h6 13. Bxf6 Qxf6 14. Qxf6
gxf6 15. Nge2 Be6 16. a3 Bxc3 17. Nxc3 f5 18. f4 Ne7 19. Rde1 Nd5 20. Nxd5 Bxd5
21. Bxf5 Kg7 22. Bd3 Rad8 23. Re2 c5 24. c3 Bf3 25. gxf3 Rxd3 26. Rhe1 c4 27.
Rg1+ Kf6 28. Rg4 Red8 29. Kb1 Rd2 30. Rxe3 Rxh2 31. Re5 Rd1+ 32. Ka2 Rhh1 {
joejan resigns} 0-1

[Event "ICS rated blitz match"]
[Site "204.178.125.65"]
[Date "2000.11.26"]
[Round "?"]
[White "Amateur"]
[Black "Hossa"]
[Result "0-1"]
[WhiteElo "2515"]
[BlackElo "2545"]
[PlyCount "148"]
[EventDate "2000.??.??"]

1. e4 e5 2. Nf3 Nf6 3. d4 Nxe4 4. Bd3 d5 5. Nxe5 Nd7 6. Nxd7 Bxd7 7. O-O Qf6 8.
Bxe4 dxe4 9. Nc3 O-O-O 10. Nxe4 Qg6 11. Qd3 Re8 12. f3 Kb8 13. Bf4 Qf5 14. Bg3
Bc6 15. Rad1 Qa5 16. a3 Qd5 17. c4 Qa5 18. b4 Qf5 19. b5 Bd7 20. Qc3 Qg6 21.
Qa5 Qb6 22. Qxb6 axb6 23. a4 Bb4 24. Rb1 Ba5 25. Ra1 f5 26. Nf2 Bc3 27. Rad1
Re2 28. Be5 Rg8 29. Rd3 Ba5 30. Rdd1 Bc3 31. Rc1 Bb4 32. Rfd1 Ra2 33. c5 Ba5
34. Rc4 Be6 35. d5 Bf7 36. Rdc1 Bxd5 37. Rd4 Be6 38. Rh4 Bd2 39. Rf1 bxc5 40.
b6 Be3 41. bxc7+ Kc8 42. f4 Bc4 43. Rh3 Bxf1 44. Rxe3 Bc4 45. Rh3 Re2 46. Nd3
g5 47. Rg3 Bxd3 48. Rxd3 gxf4 49. Rd5 f3 50. g3 b6 51. a5 Re8 52. Bg7 Kxc7 53.
axb6+ Kxb6 54. Rxf5 R8e3 55. Rf6+ Kb5 56. Kf1 Rxh2 57. Rh6 Rd2 58. Rf6 Rb3 59.
Re6 Rh2 60. Re7 Rb1+ 61. Re1 Rh1+ 62. Kf2 Rhxe1 63. Kxf3 Rb3+ 64. Kf2 Ree3 65.
g4 Re7 66. Bh6 Ra7 67. Ke1 Ra1+ 68. Ke2 Rh3 69. Bd2 Rh2+ 70. Kd3 c4+ 71. Kc2
Ra2+ 72. Kb1 Raxd2 73. Kc1 c3 74. g5 Rh1# {Amateur checkmated} 0-1

[Event "ICS rated blitz match"]
[Site "204.178.125.65"]
[Date "2000.11.26"]
[Round "?"]
[White "Hossa"]
[Black "padda"]
[Result "1-0"]
[WhiteElo "2557"]
[BlackElo "2331"]
[PlyCount "59"]
[EventDate "2000.??.??"]

1. e4 d5 2. exd5 Nf6 3. d4 Qxd5 4. Nc3 Qa5 5. Bd2 Bf5 6. Qf3 c6 7. b4 Qxb4 8.
Qxf5 e6 9. Qd3 Be7 10. Rb1 Qd6 11. Rxb7 O-O 12. Ne4 Qd8 13. Nxf6+ Bxf6 14. c3
c5 15. dxc5 Qa5 16. Qc4 Nc6 17. Nf3 Rad8 18. Qb5 Qxa2 19. Qxc6 Qa1+ 20. Ke2 Qa2
21. Rd7 Bxc3 22. Qb5 Rb8 23. Qd3 Rb3 24. Rd8 Bf6 25. Rxf8+ Kxf8 26. Qd6+ Be7
27. Qd7 Qa6+ 28. Kd1 Rb1+ 29. Bc1 g6 30. Bxa6 {padda resigns} 1-0

[Event "ICS rated blitz match"]
[Site "204.178.125.65"]
[Date "2000.11.26"]
[Round "?"]
[White "LaMortDHomme"]
[Black "Hossa"]
[Result "1/2-1/2"]
[WhiteElo "2182"]
[BlackElo "2564"]
[PlyCount "68"]
[EventDate "2000.??.??"]

1. d4 Nf6 2. b3 e6 3. Nf3 c5 4. e3 cxd4 5. exd4 d5 6. a3 Bd6 7. Bd3 Nc6 8. O-O
Qc7 9. Nbd2 Nxd4 10. Nxd4 Bxh2+ 11. Kh1 a6 12. N4f3 Bf4 13. Bb2 e5 14. Nxe5 Ne4
15. Bxe4 dxe4 16. Ndc4 O-O 17. Qd6 Qd8 18. Qxd8 Rxd8 19. Rad1 Be6 20. g3 Bxe5
21. Nxe5 f6 22. Nc4 Bxc4 23. bxc4 Rac8 24. Rxd8+ Rxd8 25. Re1 Rd2 26. Rxe4 Rxc2
27. Bd4 Rxc4 28. Re8+ Kf7 29. Rd8 Ke7 30. Rd5 Ke6 31. Rd8 Ke7 32. Rd5 Ke6 33.
Rd8 Ke7 34. Rd5 Ke6 {Game drawn by repetition} 1/2-1/2

[Event "ICS rated blitz match"]
[Site "204.178.125.65"]
[Date "2000.11.26"]
[Round "?"]
[White "Hossa"]
[Black "PostModernist"]
[Result "1/2-1/2"]
[WhiteElo "2551"]
[BlackElo "2562"]
[PlyCount "204"]
[EventDate "2000.??.??"]

1. e4 c6 2. d4 d5 3. Nc3 dxe4 4. Nxe4 Bf5 5. Ng3 Bg6 6. h4 h6 7. Nf3 Nd7 8. Bd3
Bxd3 9. Qxd3 Ngf6 10. Qb3 Qb6 11. Qxb6 Nxb6 12. Ne5 e6 13. Bf4 Rd8 14. O-O-O
Bd6 15. Kb1 Nbd5 16. Ne2 Ne4 17. Bg3 Nxg3 18. Nxg3 Nf4 19. Nc4 Be7 20. Ne3 c5
21. dxc5 Bxc5 22. Rxd8+ Kxd8 23. Rd1+ Kc8 24. Ne4 Bxe3 25. fxe3 Nxg2 26. Nd6+
Kc7 27. Nxf7 Rf8 28. Ne5 Nxh4 29. Kc1 Rf5 30. Nd3 g5 31. b4 Rd5 32. Rf1 Ng2 33.
e4 Rd4 34. Nc5 Rxb4 35. Nxe6+ Kd7 36. Rf6 Rb6 37. Nc5+ Kc7 38. Ne6+ Kc8 39.
Rxh6 g4 40. Rg6 Ne3 41. Rg8+ Kd7 42. Nd4 Rd6 43. Rg7+ Kc8 44. Nf5 Rd1+ 45. Kb2
Nxf5 46. exf5 Rf1 47. Rxg4 Rxf5 48. Rg7 a6 49. c3 Rf4 50. Kb3 b5 51. Ra7 Ra4
52. a3 Kb8 53. Rd7 Rh4 54. Rd4 Rh3 55. Rf4 Kc7 56. Rf7+ Kb6 57. Rf6+ Ka5 58.
Re6 Rd3 59. Rh6 Re3 60. Rd6 Re1 61. Kb2 Rf1 62. Kb3 Rb1+ 63. Kc2 Ra1 64. Kb3
Rf1 65. Kb2 Rf8 66. Re6 Rf5 67. Kb3 Rf4 68. Rg6 Rc4 69. Rh6 Rg4 70. Rd6 Rg7 71.
Re6 Rf7 72. Rh6 Rf2 73. Rc6 Rf3 74. Rd6 Rf8 75. Re6 Rf2 76. Rd6 Rf3 77. Re6 Rh3
78. Rd6 Re3 79. Rf6 Re1 80. Rd6 Rg1 81. Re6 Rb1+ 82. Kc2 Rf1 83. Kb3 Rg1 84.
Rd6 Rg4 85. Re6 Rg2 86. Rd6 Rg5 87. Re6 Rc5 88. Rd6 Rc8 89. Re6 Rc7 90. Rd6 Rc5
91. Re6 Rg5 92. Rd6 Rg8 93. Re6 Rc8 94. Rd6 Rh8 95. Re6 Rh2 96. Rd6 Rh1 97. Re6
Rd1 98. Rf6 Rd2 99. Re6 Rd7 100. Rf6 Rh7 101. Rd6 Rh4 102. Re6 Rh7 {
Game drawn by the 50 move rule} 1/2-1/2

[Event "ICS rated blitz match"]
[Site "204.178.125.65"]
[Date "2000.11.26"]
[Round "?"]
[White "PostModernist"]
[Black "Hossa"]
[Result "1-0"]
[WhiteElo "2561"]
[BlackElo "2552"]
[PlyCount "85"]
[EventDate "2000.??.??"]

1. e4 e5 2. Bc4 Nf6 3. d3 Nc6 4. Nc3 Bb4 5. Bg5 h6 6. Bxf6 Qxf6 7. Nge2 Na5 8.
O-O Nxc4 9. Nd5 Qd8 10. dxc4 Bc5 11. b4 Bf8 12. a3 c6 13. Ne3 d6 14. Ng3 Be6
15. Qf3 g6 16. Rad1 h5 17. c5 h4 18. Ne2 h3 19. g3 a5 20. c4 b6 21. cxd6 axb4
22. axb4 c5 23. Nc3 cxb4 24. Nb5 Kd7 25. Nd5 Ra5 26. Qd3 f6 27. Nxb4 Bg8 28.
Rb1 Be6 29. Rfd1 Bf7 30. Nc7 Bh6 31. Nba6 Qg8 32. Rxb6 Bxc4 33. Qc3 Be3 34.
Qxa5 Bxb6 35. Qxb6 Bxa6 36. Nxa6 Qd8 37. Qb7+ Ke8 38. Qg7 Rh7 39. Nc7+ Qxc7 40.
dxc7 Rxg7 41. c8=Q+ Ke7 42. Rd7+ Ke6 43. Qc6# {Hossa checkmated} 1-0

[Event "ICS rated blitz match"]
[Site "204.178.125.65"]
[Date "2000.11.26"]
[Round "?"]
[White "LOGISTIC"]
[Black "Hossa"]
[Result "0-1"]
[WhiteElo "1987"]
[BlackElo "2536"]
[PlyCount "46"]
[EventDate "2000.??.??"]

1. d4 e6 2. c4 Nf6 3. Nc3 Bb4 4. g3 d5 5. Bg2 O-O 6. Nf3 dxc4 7. O-O c5 8. a3
Bxc3 9. bxc3 cxd4 10. cxd4 Nc6 11. Bg5 h6 12. Bh4 g5 13. Nxg5 hxg5 14. Bxg5 e5
15. d5 Nd4 16. e4 Qd6 17. f4 Nb3 18. fxe5 Qc5+ 19. Kh1 Bg4 20. Qc2 Nxa1 21.
Rxa1 Nd7 22. Qc3 Rfe8 23. Be3 Qe7 {LOGISTIC resigns} 0-1

[Event "ICS rated blitz match"]
[Site "204.178.125.65"]
[Date "2000.11.26"]
[Round "?"]
[White "Hossa"]
[Black "SuperChicken"]
[Result "0-1"]
[WhiteElo "2537"]
[BlackElo "2646"]
[PlyCount "152"]
[EventDate "2000.??.??"]

1. d4 Nf6 2. Bf4 g6 3. e3 Bg7 4. Nf3 O-O 5. Nc3 Nh5 6. Bg5 d5 7. Bd3 Nc6 8. a3
f6 9. Bh4 Re8 10. O-O Bf8 11. e4 Nf4 12. exd5 Nxd5 13. Bc4 e6 14. Re1 Nxc3 15.
bxc3 Bg7 16. Nd2 Na5 17. Ba2 Kh8 18. Qg4 c5 19. Bxe6 Bxe6 20. Rxe6 Rxe6 21.
Qxe6 cxd4 22. Ne4 Qe8 23. Qd5 Qe5 24. Qxd4 Qxd4 25. cxd4 f5 26. Nd6 h6 27. Rb1
g5 28. Rb5 b6 29. Bxg5 hxg5 30. Rxf5 Bxd4 31. a4 Bc5 32. Nf7+ Kg8 33. Nxg5 Rd8
34. g3 Rd1+ 35. Kg2 Rc1 36. h4 Rxc2 37. Rf6 Kg7 38. Rf4 Kg6 39. Ne6 Bd6 40. Re4
Nb3 41. Re3 Nc5 42. Nd4 Rd2 43. Nb5 a6 44. Nc3 Rd4 45. f4 Bc7 46. Re7 Bd8 47.
Re8 Bf6 48. Re2 Nxa4 49. Ne4 Be7 50. Nf2 Bc5 51. Rc2 b5 52. Kf3 b4 53. g4 b3
54. Rc1 b2 55. f5+ Kf6 56. Rb1 Ba3 57. Ke3 Rc4 58. Nd1 Rxg4 59. h5 Rh4 60. Kd3
Rxh5 61. Kc4 Rh3 62. Kd4 Kxf5 63. Kd5 Nc3+ 64. Nxc3 Rxc3 65. Rf1+ Kg6 66. Rg1+
Kf7 67. Rf1+ Ke7 68. Rh1 Rc1 69. Rh7+ Kf6 70. Rh3 b1=Q 71. Rf3+ Kg5 72. Rxa3
Rd1+ 73. Kc4 Qc2+ 74. Kb4 Rb1+ 75. Rb3 Rxb3+ 76. Ka5 Qa2# {Hossa checkmated}
0-1

[Event "ICS Rated blitz match"]
[Site "204.178.125.65"]
[Date "2000.11.26"]
[Round "?"]
[White "Hossa"]
[Black "astrogr"]
[Result "1-0"]
[WhiteElo "2526"]
[BlackElo "2036"]
[PlyCount "100"]
[EventDate "2000.??.??"]

1. e4 e6 2. d4 d5 3. Nd2 Nf6 4. e5 Nfd7 5. Bd3 c5 6. c3 Nc6 7. Ne2 cxd4 8. cxd4
f6 9. Nf4 Nxd4 10. Qh5+ Ke7 11. Ng6+ hxg6 12. exf6+ Nxf6 13. Qxh8 Kf7 14. O-O
e5 15. Nb3 Nxb3 16. axb3 a6 17. Bg5 Be6 18. Rfc1 Bd6 19. Qxd8 Rxd8 20. f3 Rd7
21. Rc8 Rc7 22. Rxc7+ Bxc7 23. Rc1 Bd6 24. g3 Nd7 25. Kg2 Nc5 26. Bc2 a5 27.
Bd8 Na6 28. Bxa5 Nb4 29. Bb1 Nc6 30. Bb6 Kf6 31. Bd3 Nb4 32. Bb5 e4 33. Bd4+
Be5 34. Bxe5+ Kxe5 35. Rc7 Nd3 36. Bxd3 exd3 37. Kf2 Kd4 38. Rxb7 Bc8 39. Rxg7
Ba6 40. Ke1 Ke3 41. Kd1 d4 42. f4 d2 43. Re7+ Kd3 44. g4 Bc8 45. h3 g5 46. f5
Ba6 47. f6 Bc8 48. b4 Ba6 49. b3 Bb5 50. f7 Bc6 {astrogr resigns} 1-0

[Event "ICS rated bullet match"]
[Site "204.178.125.65"]
[Date "2000.11.26"]
[Round "?"]
[White "riffifi"]
[Black "Hossa"]
[Result "0-1"]
[WhiteElo "1970"]
[BlackElo "2609"]
[PlyCount "48"]
[EventDate "2000.??.??"]

1. e4 c5 2. f4 e5 3. Nf3 exf4 4. Bc4 d6 5. O-O Be6 6. Qe2 Nc6 7. c3 Bxc4 8.
Qxc4 Qc7 9. d4 Nf6 10. Bxf4 cxd4 11. cxd4 Nxe4 12. Re1 f5 13. Nc3 O-O-O 14.
Nxe4 fxe4 15. Ng5 Qb6 16. Ne6 d5 17. Qa4 Rd7 18. Rac1 Bd6 19. Nc5 Bxf4 20. Nxd7
Kxd7 21. Rc5 Ke6 22. Qd1 h5 23. a3 Qxb2 24. Qa4 Qxd4+ {riffifi resigns} 0-1

[Event "ICS rated bullet match"]
[Site "204.178.125.65"]
[Date "2000.11.26"]
[Round "?"]
[White "Hossa"]
[Black "RokoMotion"]
[Result "1-0"]
[WhiteElo "2610"]
[BlackElo "1941"]
[PlyCount "53"]
[EventDate "2000.??.??"]

1. e4 c5 2. c3 Nf6 3. e5 Nd5 4. d4 cxd4 5. Nf3 d6 6. Qxd4 dxe5 7. Bb5+ Nc6 8.
Nxe5 Qd6 9. O-O a6 10. Bxc6+ bxc6 11. Re1 f6 12. Nc4 Qc7 13. Ne3 Bb7 14. Nxd5
cxd5 15. f4 Kf7 16. f5 Re8 17. Bf4 Qc8 18. Qb6 e5 19. fxe6+ Rxe6 20. Qxe6+ Qxe6
21. Rxe6 Kxe6 22. Be3 Bd6 23. Nd2 Kd7 24. Re1 Re8 25. Nb3 Bc7 26. Nc5+ Kc6 27.
Nxb7 {RokoMotion resigns} 1-0

[Event "ICS rated blitz match"]
[Site "204.178.125.65"]
[Date "2000.11.26"]
[Round "?"]
[White "zs"]
[Black "Hossa"]
[Result "0-1"]
[WhiteElo "1909"]
[BlackElo "2528"]
[PlyCount "72"]
[EventDate "2000.??.??"]

1. e4 c5 2. Nf3 Nc6 3. Nc3 e6 4. d4 cxd4 5. Nxd4 a6 6. Bc4 Ne5 7. Be2 Bb4 8.
O-O d6 9. f4 Nc6 10. Be3 Nf6 11. Bf3 O-O 12. Qe1 Bd7 13. a3 Bc5 14. Nxc6 Bxc6
15. Rd1 Qb6 16. Bxc5 dxc5 17. b3 c4+ 18. Qf2 Qa5 19. Qe3 cxb3 20. cxb3 Qxa3 21.
Rd3 Qxb3 22. Nd5 Qa2 23. Nxf6+ gxf6 24. Qd4 Rfd8 25. Qxd8+ Rxd8 26. Rxd8+ Kg7
27. Rdd1 Qc4 28. Rfe1 f5 29. exf5 Qc5+ 30. Kh1 Bxf3 31. gxf3 Qxf5 32. Re4 Kf6
33. Rd3 Qc5 34. Rdd4 a5 35. Ra4 Qf2 36. Ra3 Qf1# {zs checkmated} 0-1